| 000 | 01216nam a22003131a 4500 | ||
|---|---|---|---|
| 001 | 27296 | ||
| 003 | BD-RjUL | ||
| 005 | 20211209051133.0 | ||
| 008 | 140324s1968 ilu b 100 0 eng d | ||
| 035 | _a(BD-RjUL)27368 | ||
| 040 |
_aLC _beng _cLC _dLC _dBD-RjUL |
||
| 041 | _aeng | ||
| 082 | 0 | 0 |
_a309.156 _bBEG 1968 |
| 245 | 0 | 0 |
_aBeginnings of modernization in the Middle East : _bthe nineteenth century / _cedited by William R. Polk and Richard L. Chambers. |
| 260 |
_aChicago : _bUniversity of Chicago Press, _c1968. |
||
| 300 |
_ax, 427 p. ; _c24 cm. |
||
| 490 | 1 | _aPublications of the Center for Middle Eastern Studies, no. 1 | |
| 500 | _aHeld under the auspices of the Center for Middle Eastern Studies. | ||
| 504 | _aIncludes bibliographical references and index. | ||
| 650 | 0 |
_aCivilization, Modern _y19th century _xCongresses. _983800 |
|
| 651 | 0 |
_aMiddle East _xCivilization _xCongresses. _983801 |
|
| 830 | 0 |
_vno. 1. _983812 |
|
| 700 | 1 |
_aPolk, William R. _q(William Roe), _d1929-, _eed. _983803 |
|
| 700 | 1 |
_aChambers, Richard L., _d1929-, _eed. _983804 |
|
| 830 | 0 |
_aPublications of the Center for Middle Eastern Studies ; _928813 |
|
| 942 |
_2ddc _cBK |
||
| 999 |
_c27296 _d27296 |
||